000 00298nam a22001337a 4500
008 170920b xxu||||| |||| 00| 0 eng d
020 _a0500013152
041 _aeng
080 _a7
100 _a45
101 _aART
245 _aMICHELANGELO HIS LIFE WORK AND TIME
_cMURRAY,L
942 _2udc
_cBK
999 _c28479
_d28479